| 000 | 00617nam a22001937a 4500 | ||
|---|---|---|---|
| 005 | 20240514114753.0 | ||
| 010 | _aENG-140317 | ||
| 020 |
_c250.00 _a9789391091583 |
||
| 035 | _aEN-123849 | ||
| 037 | _bDBAD | ||
| 082 | _a881 | ||
| 100 |
_aAnand, Jernail S. _966162 |
||
| 245 |
_aThe Holy Twins: _bPoetry of Two Nations, Two Cultures/ _cby Jernail S. Anand [and] Leslie D. Bush |
||
| 260 |
_aGurugram _bThe Poetry Society Of India _c2024 |
||
| 270 |
_aH-23/16,DLF Phase-1 _bGurugram |
||
| 300 |
_aVIII,82p. _c21cm(pb) |
||
| 700 |
_aBush, Leslie D. _eAuthor _966163 |
||
| 942 |
_2ddc _cEN _h881 _mBUS |
||
| 999 |
_c202780 _d202780 |
||